La Reforma protestante y un nuevo mundo posible: una introducción a su significación /
Guardado en:
| Hovedforfatter: | |
|---|---|
| Format: | Bog |
| Sprog: | Spanish |
| Online adgang: | texto completo desde el sitio de la revista |
| Tags: |
Tilføj Tag
Ingen Tags, Vær først til at tagge denne postø!
|
MARC
| LEADER | 00000nam a22000007a 4500 | ||
|---|---|---|---|
| 003 | cru CIDCACS/IIS | ||
| 005 | 20191018153139.0 | ||
| 007 | ta | ||
| 008 | 191018s2012 cu |||p|r|||| 00| ||spa|d | ||
| 999 | |c 42517 |d 42517 | ||
| 040 | |c cru CIDCACS/IIS | ||
| 100 | |9 8724 |a Roldán, David A. | ||
| 245 | 1 | 3 | |a La Reforma protestante y un nuevo mundo posible: |b una introducción a su significación / |c David A. Roldán |
| 300 | |a páginas 60-63 | ||
| 856 | |u http://revista.ecaminos.org/article/la-reforma-protestante-y-un-nuevo-mundo-posible-un/ |y texto completo desde el sitio de la revista | ||
| 942 | |2 ddc |c PP | ||
| 773 | 0 | |0 41970 |9 2975 |a Centro Memorial Dr. Martin Luther King, Jr |d La Habana, Cuba: Centro Memorial Dr. Martin Luther King, Jr, |o 17978 |t Caminos: |x 10257733 | |
